000 00352 a2200121 4500
001 ART_40042
005 20260410161842.0
008 260409a
245 1 0 _aDoble imposición internacional
100 1 _aTorres, Ismael F.
700 1 _aFuria de Torres, Lilian Alicia G.
773 0 _tRAP
_g- Año 23, Nº 271 (abr. 2001)
_wREV5941
999 _c24161
_d24161